000 00422nam a2200157Ia 4500
008 160316s1965 xxu||||| |||| 00| 0 eng d
082 _a341.020000
_bCAM
100 _a
245 _aEssays in international law
250 _a
260 _aNew York
_bOcean Publication Inc
_c1965
300 _a186p
_b
_c
365 _b
650 _a1.International Law - Essays 2.International Co-operation - Disarmament
700 _a
_a
999 _c9766
_d9766